Tales / (Record no. 40985)

MARC details
000 -LEADER
campo de control de longitud fija 00652nam a2200205 i 4500
001 - NÚMERO DE CONTROL
campo de control 40985
003 - IDENTIFICADOR DE NÚMERO DE CONTROL
campo de control ES-MaACL
005 - FECHA Y HORA DE LA ÚLTIMA TRANSACCIÓN
campo de control 20251013213648.0
007 - CAMPO FIJO DE DESCRIPCIÓN FÍSICA--INFORMACIÓN GENERAL
campo de control de longitud fija t|
008 - DATOS DE LONGITUD FIJA--INFORMACIÓN GENERAL
campo de control de longitud fija 030307q1874 xxk ||||1| eng d
100 1# - ENTRADA PRINCIPAL--NOMBRE DE PERSONA
Nombre de persona Musäus, Johann Karl August.
9 (RLIN) 158448
245 10 - MENCIÓN DEL TÍTULO
Título Tales /
Mención de responsabilidad, etc. by Musaeus, Tieck, Richter ; translated from the german by Thomas Carlyle.
260 ## - PUBLICACIÓN, DISTRIBUCIÓN, ETC.
Lugar de publicación, distribución, etc. London :
Nombre del editor, distribuidor, etc. Chapman and Hall,
Fecha de publicación, distribución, etc. 1874?]
300 ## - DESCRIPCIÓN FÍSICA
Extensión 2 v. ;
Dimensiones 18 cm.
700 1# - ENTRADA AGREGADA--NOMBRE PERSONAL
Nombre de persona Tieck, Ludwig.
9 (RLIN) 110224
700 1# - ENTRADA AGREGADA--NOMBRE PERSONAL
Nombre de persona Paul, Jean,
Fechas asociadas al nombre 1763-1825
9 (RLIN) 149234
700 0# - ENTRADA AGREGADA--NOMBRE PERSONAL
Nombre de persona Carlyle, Thomas,
Fechas asociadas al nombre 1795-1881
9 (RLIN) 35316
852 ## - LOCALIZACIÓN
Ubicación ES-MaACL
Número de control de estantería G-10559-60
Holdings
Estatus retirado Estado de pérdida Estado de daño No para préstamo Colección Biblioteca de origen Biblioteca actual Ubicación en estantería Fecha de adquisición Fuente de adquisición Total de préstamos Signatura topográfica completa Código de barras Visto por última vez Precio de reemplazo Tipo de ítem Koha
        Libros del s. XIX Biblioteca del Ateneo de Madrid Biblioteca del Ateneo de Madrid Sala Pecera Planta 3 17/01/2008     G-10559-60 1043151 23/02/2023 23/02/2023 Libro impreso antiguo